[Event "SVK-ch U12"]
[Site "Liptovsky Mikulas"]
[Date "2019.04.26"]
[Round "5"]
[White "Goc, Matus"]
[Black "Karapetsas, Athanasios"]
[Result "0-1"]
[WhiteElo "1090"]
[BlackElo "1173"]
[PlyCount "82"]
[EventDate "2019.04.23"]
[EventType "swiss"]
[EventRounds "9"]
[EventCountry "SVK"]
[SourceTitle "CBM 190 Extra"]
[Source "ChessBase"]
[SourceDate "2019.07.15"]
[SourceVersion "1"]
[SourceVersionDate "2019.07.15"]
[SourceQuality "1"]

1. e4 e5 2. Nf3 Nc6 3. Bb5 Bc5 4. 0-0 d6 5. c3 Nf6 6. Re1 0-0 7. d4 exd4 8. cxd4 Bb4 9. Nc3 Re8 10. Bg5 h6 11. Bxf6 Qxf6 12. Bxc6 bxc6 13. e5 dxe5 14. dxe5 Qf4 15. Qd4 Qxd4 16. Nxd4 c5 17. Nc6 Bb7 18. Nxb4 cxb4 19. Nb5 Re7 20. Rac1 c6 21. Nd6 Rd8 22. Nxb7 Rxb7 23. Rxc6 Rd2 24. Rb1 Re7 25. Rc5 Re2 26. f4 Rd7 27. Rb5 Rdd2 28. Rxb4 Rxg2+ 29. Kf1 Rxh2 30. Kg1 h5 31. b3 Rxa2 32. Rc1 h4 33. Rbc4 h3 34. R1c2 Rhxc2 35. Rxc2 Rxc2 36. b4 h2+ 37. Kh1 Kh7 38. b5 Kh6 39. f5 Kh5 40. e6 Kh4 41. e7 Kh3 0-1

[Event "SVK-ch U10"]
[Site "Liptovsky Mikulas"]
[Date "2017.04.28"]
[Round "9"]
[White "Janik, Marek Tobias"]
[Black "Karapetsas, Athanasios"]
[Result "1-0"]
[WhiteElo "1571"]
[BlackElo "1346"]
[PlyCount "119"]
[EventDate "2017.04.22"]
[EventType "swiss"]
[EventRounds "9"]
[EventCountry "SVK"]
[SourceTitle "CBM 178 Extra"]
[Source "ChessBase"]
[SourceDate "2017.06.22"]
[SourceVersion "1"]
[SourceVersionDate "2017.06.22"]
[SourceQuality "1"]

1. e4 e5 2. Nf3 Nc6 3. Bc4 Nf6 4. d3 d6 5. Ng5 d5 6. exd5 Na5 7. Nc3 Nxc4 8. dxc4 Bc5 9. 0-0 0-0 10. h3 h6 11. Nge4 Nxe4 12. Nxe4 Be7 13. c5 f5 14. d6 fxe4 15. dxe7 Qxe7 16. Qd5+ Be6 17. Qxe5 Rf7 18. Qxe4 c6 19. Bf4 Raf8 20. Bd6 Qg5 21. h4 Qf6 22. Bxf8 Rxf8 23. Rae1 Bd5 24. Qe5 Bc4 25. Qxf6 gxf6 26. Re7 Bxf1 27. Kxf1 Rf7 28. Rxf7 Kxf7 29. Ke2 Ke6 30. b4 Ke5 31. Ke3 h5 32. f4+ Kf5 33. Kf3 Ke6 34. Ke4 f5+ 35. Kd4 b5 36. cxb6 axb6 37. a4 Kd6 38. a5 c5+ 39. bxc5+ bxc5+ 40. Kc4 Kc6 41. a6 Kb6 42. g3 Kxa6 43. Kxc5 Kb7 44. Kd6 Kc8 45. c4 Kd8 46. c5 Kc8 47. Kc6 Kd8 48. Kb7 Ke7 49. c6 Kd6 50. c7 Kd5 51. c8Q Ke4 52. Qc3 Kd5 53. Qe5+ Kc4 54. Kc6 Kd3 55. Kd5 Kc2 56. Qe3 Kd1 57. Qf2 Kc1 58. Kc4 Kb1 59. Kb3 Kc1 60. Qe1# 1-0

[Event "SVK-ch U10"]
[Site "Liptovsky Mikulas"]
[Date "2017.04.22"]
[Round "1"]
[White "Karapetsas, Athanasios"]
[Black "Goc, Matus"]
[Result "1-0"]
[WhiteElo "1346"]
[BlackElo "1000"]
[PlyCount "83"]
[EventDate "2017.04.22"]
[EventType "swiss"]
[EventRounds "9"]
[EventCountry "SVK"]
[SourceTitle "CBM 178 Extra"]
[Source "ChessBase"]
[SourceDate "2017.06.22"]
[SourceVersion "1"]
[SourceVersionDate "2017.06.22"]
[SourceQuality "1"]

1. e4 e5 2. Nf3 Nf6 3. Nc3 Nc6 4. d4 exd4 5. Nxd4 Bc5 6. Be3 d6 7. Bb5 0-0 8. Bxc6 bxc6 9. Nxc6 Qe8 10. Bxc5 dxc5 11. Na5 Bg4 12. f3 Bd7 13. 0-0 Rd8 14. Qe2 Qe5 15. Rad1 Bb5 16. Qxb5 Rxd1 17. Rxd1 h6 18. Nc6 Qh5 19. Rd8 Rxd8 20. Nxd8 g5 21. Qc6 Qg6 22. e5 g4 23. Qxf6 Qxc2 24. Qxf7+ Kh8 25. Ne6 Qh7 26. Qxh7+ Kxh7 27. fxg4 c4 28. Nxc7 a5 29. e6 a4 30. e7 a3 31. bxa3 h5 32. e8Q h4 33. h3 Kg7 34. Qe6 Kh7 35. Qf6 Kg8 36. Qe7 Kh8 37. Kf2 Kg8 38. Kf3 Kh8 39. Kf4 Kg8 40. Kg5 Kh8 41. Kg6 Kg8 42. Qe8# 1-0